00942nam a2200241 a 4500001001000000003000900010005001700019008004100036040002500077049000900102082001900111100003500130245009600165260004900261300002600310500003500336504007400371650005300445650004800498942001400546952012300560999001700683000022964DO-SdBNP20250611111903.0101123s|||| sp ac r 001 0 spa d aDO-SdBNPbspacBNPHU aBNGR a923.945bA816c1 aAsencio, José María94722110aCristóbal Colón :bsu vidad, sus viajes, sus descubrimientos /cJosé María Asencio. aBarcelona :bEspasa y Compañía,c[s.f.]. a2 v. :bil. ;c31 cm. aLa biblioteca posee el tomo 2. aIncluye referencias bibliográficas y notas al pie de las páginas. 4aAméricaxDescubrimiento y exploraciones920820 4aExploradores italianosxBiografías938976 2ddccLBS1 001052708MOaGRbGRcCTd2010-11-23iLF1l0o923.945 A816cp22964-10r2020-06-25w2020-06-25y2ZPréstamo interno c22461d22461